[Event "Torino 150 Italy Unity op B"]
[Site "Torino"]
[Date "2011.06.05"]
[Round "9"]
[White "Negro, Francesco P"]
[Black "Mantovan, Giuseppe"]
[Result "0-1"]
[WhiteElo "1784"]
[BlackElo "1837"]
[PlyCount "82"]
[EventDate "2011.05.31"]
[EventType "swiss"]
[EventRounds "9"]
[EventCountry "ITA"]
[SourceTitle "EXT 2024"]
[Source "ChessBase"]
[SourceDate "2023.10.10"]
[SourceVersion "1"]
[SourceVersionDate "2023.10.10"]
[SourceQuality "1"]

1. e4 e6 2. d3 d5 3. Nd2 c5 4. Ngf3 Nc6 5. g3 Nf6 6. Bg2 Bd6 7. 0-0 0-0 8. Re1 Bc7 9. Nf1 dxe4 10. dxe4 Qxd1 11. Rxd1 Nxe4 12. Re1 Nf6 13. Bg5 Nb4 14. Ne3 Nfd5 15. Nxd5 exd5 16. Be7 Nxc2 17. Bxf8 Kxf8 18. Rec1 Nxa1 19. Rxc5 Bb6 20. Rc1 Nb3 21. axb3 Be6 22. Ng5 h6 23. Nxe6+ fxe6 24. Re1 Re8 25. Bh3 e5 26. Bd7 Re7 27. Bc8 Bd4 28. Ra1 a6 29. Ra5 Rf7 30. Rxd5 Rc7 31. Bf5 b6 32. Kg2 Rf7 33. g4 g6 34. f4 gxf5 35. fxe5 Bc5 36. e6 Rc7 37. gxf5 Ke7 38. Kf3 Kf6 39. Ke4 Be7 40. Rd2 Rc5 41. Rf2 Re5+ 0-1

[Event "Nichelino op 11th"]
[Site "Nichelino"]
[Date "2010.10.02"]
[Round "4"]
[White "Razzano, Lorenzo"]
[Black "Negro, Francesco P"]
[Result "1-0"]
[WhiteElo "1928"]
[BlackElo "1752"]
[PlyCount "89"]
[EventDate "2010.09.30"]
[EventType "swiss"]
[EventRounds "6"]
[EventCountry "ITA"]
[SourceTitle "EXT 2024"]
[Source "ChessBase"]
[SourceDate "2023.10.10"]
[SourceVersion "1"]
[SourceVersionDate "2023.10.10"]
[SourceQuality "1"]

1. e4 d5 2. Nc3 dxe4 3. Nxe4 Nf6 4. Nxf6+ gxf6 5. g3 Bf5 6. Bg2 c6 7. d3 e6 8. Be3 Nd7 9. Qd2 Nb6 10. Ne2 Nd5 11. Nd4 Bg6 12. 0-0-0 Qc7 13. Kb1 Nxe3 14. Qxe3 0-0-0 15. Nb3 Kb8 16. f4 Bg7 17. Rhf1 f5 18. d4 Rd6 19. Kc1 Rhd8 20. c3 b6 21. Qf3 a5 22. Nd2 b5 23. Nb3 Ka7 24. Nc5 a4 25. a3 Qb6 26. Rfe1 Qc7 27. Re3 Qb6 28. Rde1 Rc8 29. Nd3 Qc7 30. Ne5 Bxe5 31. dxe5 Rd7 32. Rd1 Rcd8 33. Red3 Rxd3 34. Rxd3 Rxd3 35. Qxd3 c5 36. Qxb5 Qb6 37. Qc4 Qa6 38. Qxa6+ Kxa6 39. c4 Ka5 40. Kc2 Bh5 41. Kc3 Kb6 42. b4 cxb4+ 43. axb4 Bd1 44. Kd4 Bb3 45. Bf1 1-0